| 000 | 00882nam a2200265Ia 4500 | ||
|---|---|---|---|
| 003 | OSt | ||
| 005 | 20221005092429.0 | ||
| 006 | a|||||r|||| 00| 0 | ||
| 007 | ta | ||
| 008 | 221004b |||||||| |||| 00| 0 eng d | ||
| 020 |
_a9780415803908 (hbk) _c5138 |
||
| 024 | _a106117 | ||
| 037 |
_b10-11392, 18/03/2011, Atlantic Publisher & Dist. Pvt Ltd. _cTextual |
||
| 040 |
_aCRL _cCRL _beng |
||
| 041 |
_2eng _aeng |
||
| 082 | _aV95.N, Q0 | ||
| 100 |
_aMoorthy Shanti Ed. _9418253 |
||
| 245 | 0 |
_aIndian dcean studies _b Culturer social and political perspectives |
|
| 260 |
_aNew York _bRoutledge USA _c2010 |
||
| 300 |
_axvii,435p. _ccm. |
||
| 650 | _aHISTORY | ||
| 700 |
_a Jamal Ashraf Ed. _9418254 |
||
| 942 |
_hV95.N, Q0 _cTEXL _2cc |
||
| 999 |
_c998847 _d998847 |
||